[Event "Hoogeveen Open"]
[Site "Hoogeveen, Netherlands"]
[Date "2018.10.21"]
[Round "2.25"]
[White "Murray, David"]
[Black "Mijnheer, Peter"]
[Result "1-0"]
[WhiteElo "2222"]
[BlackElo "2092"]

1. e4 {[%clk 01:30:55]} {[%emt 00:00:04]} e5 {[%clk 01:30:56]} {[%emt
00:00:05]} 2. Nf3 {[%clk 01:31:18]} {[%emt 00:00:07]} Nc6 {[%clk 01:31:17]}
{[%emt 00:00:09]} 3. Bb5 {[%clk 01:31:24]} {[%emt 00:00:25]} a6 {[%clk
01:31:42]} {[%emt 00:00:04]} 4. Ba4 {[%clk 01:31:50]} {[%emt 00:00:05]} Nf6
{[%clk 01:32:04]} {[%emt 00:00:07]} 5. O-O {[%clk 01:32:08]} {[%emt 00:00:12]}
Be7 {[%clk 01:32:27]} {[%emt 00:00:07]} 6. Re1 {[%clk 01:32:07]} {[%emt
00:00:32]} b5 {[%clk 01:32:49]} {[%emt 00:00:08]} 7. Bb3 {[%clk 01:32:32]}
{[%emt 00:00:05]} d6 {[%clk 01:33:02]} {[%emt 00:00:17]} 8. c3 {[%clk
01:31:52]} {[%emt 00:01:11]} O-O {[%clk 01:33:26]} {[%emt 00:00:06]} 9. h3
{[%clk 01:31:22]} {[%emt 00:01:00]} Na5 {[%clk 01:33:48]} {[%emt 00:00:08]} 10.
Bc2 {[%clk 01:31:24]} {[%emt 00:00:27]} c5 {[%clk 01:34:14]} {[%emt 00:00:04]}
11. d4 {[%clk 01:30:31]} {[%emt 00:01:24]} Nd7 {[%clk 01:34:31]} {[%emt
00:00:11]} 12. a4 {[%clk 01:27:39]} {[%emt 00:03:23]} b4 {[%clk 01:19:26]}
{[%emt 00:15:36]} 13. Nbd2 {[%clk 01:26:33]} {[%emt 00:01:36]} Rb8 {[%clk
01:18:44]} {[%emt 00:01:12]} 14. Bd3 {[%clk 01:22:35]} {[%emt 00:04:27]} bxc3
{[%clk 01:12:13]} {[%emt 00:07:01]} 15. bxc3 {[%clk 01:22:48]} {[%emt
00:00:17]} cxd4 {[%clk 01:12:28]} {[%emt 00:00:15]} 16. cxd4 {[%clk 01:22:16]}
{[%emt 00:01:02]} exd4 {[%clk 01:12:21]} {[%emt 00:00:38]} 17. Nxd4 {[%clk
01:14:28]} {[%emt 00:08:18]} Ne5 {[%clk 01:09:55]} {[%emt 00:02:55]} 18. Bf1
{[%clk 01:11:06]} {[%emt 00:03:53]} Bf6 {[%clk 01:08:49]} {[%emt 00:01:35]} 19.
Ba3 {[%clk 01:09:06]} {[%emt 00:02:30]} Nd3 {[%clk 00:43:07]} {[%emt 00:26:12]}
20. Bxd3 {[%clk 01:07:56]} {[%emt 00:01:40]} Bxd4 {[%clk 00:43:30]} {[%emt
00:00:06]} 21. Rb1 {[%clk 00:59:29]} {[%emt 00:08:57]} Rxb1 {[%clk 00:43:24]}
{[%emt 00:00:37]} 22. Bxb1 {[%clk 00:58:43]} {[%emt 00:01:16]} Qb6 {[%clk
00:36:42]} {[%emt 00:07:12]} 23. Qe2 {[%clk 00:55:46]} {[%emt 00:03:26]} Be6
{[%clk 00:30:34]} {[%emt 00:06:39]} 24. Bd3 {[%clk 00:52:24]} {[%emt 00:03:51]}
Rd8 {[%clk 00:20:29]} {[%emt 00:10:36]} 25. Rb1 {[%clk 00:48:58]} {[%emt
00:03:55]} Qa7 {[%clk 00:19:33]} {[%emt 00:01:27]} 26. Nf3 {[%clk 00:45:12]}
{[%emt 00:04:16]} Nc6 {[%clk 00:13:41]} {[%emt 00:06:22]} 27. Kf1 {[%clk
00:29:38]} {[%emt 00:16:05]} a5 {[%clk 00:12:33]} {[%emt 00:01:37]} 28. Bb5
{[%clk 00:24:40]} {[%emt 00:05:28]} Ne5 {[%clk 00:12:40]} {[%emt 00:00:24]} 29.
Nxd4 {[%clk 00:19:46]} {[%emt 00:05:23]} Qxd4 {[%clk 00:13:06]} {[%emt
00:00:04]} 30. Rd1 {[%clk 00:19:25]} {[%emt 00:00:51]} Qc3 {[%clk 00:10:11]}
{[%emt 00:03:25]} 31. Rxd6 {[%clk 00:12:37]} {[%emt 00:07:19]} Rxd6 {[%clk
00:04:02]} {[%emt 00:06:39]} 32. Bxd6 {[%clk 00:12:58]} {[%emt 00:00:09]} Bc4
{[%clk 00:03:44]} {[%emt 00:00:49]} 33. Bxc4 {[%clk 00:13:02]} {[%emt
00:00:26]} Qc1+ {[%clk 00:04:07]} {[%emt 00:00:06]} 34. Qe1 {[%clk 00:13:20]}
{[%emt 00:00:12]} Qxc4+ {[%clk 00:04:28]} {[%emt 00:00:10]} 35. Kg1 {[%clk
00:12:49]} {[%emt 00:01:00]} Nd3 {[%clk 00:04:45]} {[%emt 00:00:13]} 36. Qxa5
{[%clk 00:10:30]} {[%emt 00:02:49]} h6 {[%clk 00:05:07]} {[%emt 00:00:08]} 37.
Qa8+ {[%clk 00:09:40]} {[%emt 00:01:21]} Kh7 {[%clk 00:05:34]} {[%emt
00:00:02]} 38. Qd5 {[%clk 00:09:22]} {[%emt 00:00:47]} Qc2 {[%clk 00:05:50]}
{[%emt 00:00:15]} 39. Qxf7 {[%clk 00:06:40]} {[%emt 00:03:12]} Qd1+ {[%clk
00:05:02]} {[%emt 00:01:19]} 40. Kh2 {[%clk 00:06:54]} {[%emt 00:00:15]} Nxf2
{[%clk 00:04:58]} {[%emt 00:00:34]} 41. Qf5+ {[%clk 00:05:09]} {[%emt
00:02:15]} Kh8 {[%clk 00:04:29]} {[%emt 00:00:59]} 42. e5 {[%clk 00:03:26]}
{[%emt 00:02:13]} Qd4 {[%clk 00:00:59]} {[%emt 00:03:59]} 43. Qf8+ {[%clk
00:02:58]} {[%emt 00:00:59]} Kh7 {[%clk 00:28:45]} {[%emt 00:02:43]} 44. e6
{[%clk 00:31:22]} {[%emt 00:02:07]} Ne4 {[%clk 00:28:14]} {[%emt 00:01:01]} 45.
Qf5+ {[%clk 00:30:44]} {[%emt 00:01:08]} 1-0

[Event "Hoogeveen Open"]
[Site "Hoogeveen, Netherlands"]
[Date "2018.10.21"]
[Round "2.26"]
[White "Jelic, Bruno"]
[Black "Damen, Jip"]
[Result "0-1"]
[WhiteElo "2076"]
[BlackElo "2192"]

1. d4 {[%clk 01:30:56]} {[%emt 00:00:03]} e6 {[%clk 01:30:46]} {[%emt
00:00:15]} 2. c4 {[%clk 01:31:11]} {[%emt 00:00:14]} Nf6 {[%clk 01:31:03]}
{[%emt 00:00:14]} 3. Nf3 {[%clk 01:31:32]} {[%emt 00:00:09]} c5 {[%clk
01:31:26]} {[%emt 00:00:08]} 4. Nc3 {[%clk 01:31:37]} {[%emt 00:00:24]} cxd4
{[%clk 01:31:21]} {[%emt 00:00:35]} 5. Nxd4 {[%emt 00:01:45]} d5 {[%clk
01:30:08]} 6. cxd5 {[%clk 01:26:49]} {[%emt 00:05:46]} Nxd5 {[%clk 01:30:28]}
{[%emt 00:00:10]} 7. Bd2 {[%clk 01:24:04]} {[%emt 00:03:15]} e5 {[%clk
01:26:35]} {[%emt 00:04:23]} 8. Nb3 {[%clk 01:20:58]} {[%emt 00:03:36]} Nc6
{[%clk 01:24:14]} {[%emt 00:02:51]} 9. g3 {[%clk 01:19:30]} {[%emt 00:01:57]}
Be6 {[%clk 01:18:25]} {[%emt 00:06:19]} 10. Bg2 {[%clk 01:19:34]} {[%emt
00:00:26]} Be7 {[%clk 01:17:26]} {[%emt 00:01:29]} 11. O-O {[%clk 01:18:21]}
{[%emt 00:01:43]} O-O {[%clk 01:17:33]} {[%emt 00:00:23]} 12. Nxd5 {[%clk
01:08:47]} {[%emt 00:10:05]} Bxd5 {[%clk 01:17:57]} {[%emt 00:00:05]} 13. Bc3
{[%clk 01:07:31]} {[%emt 00:01:47]} Bxg2 {[%clk 01:17:26]} {[%emt 00:01:01]} 14.
Qxd8 {[%clk 01:02:29]} Rfxd8 {[%clk 01:17:26]} 15. Kxg2 {[%clk 01:02:52]}
{[%emt 00:05:53]} f6 {[%clk 01:17:34]} {[%emt 00:00:37]} 16. Rfd1 {[%clk
00:54:08]} {[%emt 00:09:14]} Kf7 {[%clk 01:17:24]} {[%emt 00:00:40]} 17. Na5
{[%clk 00:53:12]} {[%emt 00:01:27]} Nxa5 {[%clk 01:16:44]} {[%emt 00:01:10]} 18.
Bxa5 {[%clk 00:53:31]} {[%emt 00:00:11]} b6 {[%clk 01:16:47]} {[%emt 00:00:27]}
19. Bc3 {[%clk 00:53:36]} {[%emt 00:00:24]} Ke6 {[%clk 01:16:22]} {[%emt
00:00:55]} 20. e4 {[%clk 00:49:59]} {[%emt 00:04:07]} Rac8 {[%clk 01:14:18]}
{[%emt 00:02:34]} 21. f4 {[%clk 00:48:20]} {[%emt 00:02:09]} exf4 {[%clk
01:13:11]} {[%emt 00:01:37]} 22. gxf4 {[%clk 00:48:41]} {[%emt 00:00:10]} g6
{[%clk 01:12:58]} {[%emt 00:00:42]} 23. Kf3 {[%clk 00:48:25]} {[%emt 00:00:47]}
b5 {[%clk 01:04:42]} {[%emt 00:08:46]} 24. a3 {[%clk 00:48:21]} {[%emt
00:00:33]} Rxd1 {[%clk 00:58:23]} {[%emt 00:06:49]} 25. Rxd1 {[%clk 00:48:49]}
{[%emt 00:00:03]} Bxa3 {[%clk 00:58:41]} {[%emt 00:00:12]} 26. Bd4 {[%clk
00:44:27]} {[%emt 00:04:51]} Be7 {[%clk 00:57:00]} {[%emt 00:02:10]} 27. Ra1
{[%clk 00:42:08]} {[%emt 00:02:51]} Rc4 {[%clk 00:50:07]} {[%emt 00:07:22]} 28.
Ra6+ {[%clk 00:40:26]} {[%emt 00:02:12]} Bd6 {[%clk 00:45:33]} {[%emt
00:05:05]} 29. Bxa7 {[%clk 00:23:03]} {[%emt 00:17:52]} Ra4 {[%clk 00:39:41]}
{[%emt 00:06:23]} 30. Rxa4 {[%clk 00:22:33]} {[%emt 00:01:00]} bxa4 {[%clk
00:40:05]} {[%emt 00:00:06]} 31. h3 {[%clk 00:21:13]} {[%emt 00:01:50]} Bb4
{[%clk 00:37:20]} {[%emt 00:03:15]} 32. Bd4 {[%clk 00:21:05]} {[%emt 00:00:37]}
Bd2 {[%clk 00:36:59]} {[%emt 00:00:51]} 33. Bc5 {[%clk 00:19:27]} {[%emt
00:02:08]} h6 {[%clk 00:34:48]} {[%emt 00:02:41]} 34. Bd4 {[%clk 00:19:15]}
{[%emt 00:00:43]} f5 {[%clk 00:33:07]} {[%emt 00:02:09]} 35. Bg7 {[%clk
00:17:49]} {[%emt 00:01:56]} Bb4 {[%clk 00:29:45]} {[%emt 00:03:53]} 36. Bd4
{[%clk 00:15:21]} {[%emt 00:02:57]} Be7 {[%clk 00:29:23]} {[%emt 00:00:53]} 37.
Bc3 {[%clk 00:14:14]} {[%emt 00:01:38]} Bd8 {[%clk 00:23:26]} {[%emt 00:06:26]}
38. Bd4 {[%clk 00:13:54]} {[%emt 00:00:51]} fxe4+ {[%clk 00:15:24]} {[%emt
00:08:32]} 39. Kxe4 {[%clk 00:14:12]} {[%emt 00:00:10]} Bf6 {[%clk 00:15:30]}
{[%emt 00:00:25]} 40. Bxf6 {[%clk 00:13:28]} {[%emt 00:01:14]} Kxf6 {[%clk
00:15:46]} {[%emt 00:00:14]} 41. h4 {[%clk 00:11:27]} {[%emt 00:02:30]} Ke6
{[%clk 00:14:59]} {[%emt 00:01:18]} 42. Kf3 {[%clk 00:09:39]} {[%emt 00:02:18]}
Kf5 {[%clk 00:06:37]} {[%emt 00:08:53]} 43. Kg3 {[%clk 00:09:41]} {[%emt
00:00:27]} Ke4 {[%clk 00:04:28]} {[%emt 00:02:39]} 44. Kg4 {[%clk 00:09:33]}
{[%emt 00:00:38]} Kd3 {[%clk 00:04:05]} {[%emt 00:00:53]} 45. h5 {[%clk
00:03:25]} {[%emt 00:06:38]} gxh5+ {[%clk 00:04:23]} {[%emt 00:00:12]} 46. Kxh5
{[%clk 00:03:33]} {[%emt 00:00:22]} Ke4 {[%clk 00:04:39]} {[%emt 00:00:13]} 47.
Kxh6 {[%clk 00:03:02]} {[%emt 00:01:01]} Kxf4 {[%clk 00:04:58]} {[%emt
00:00:13]} 48. Kg6 {[%clk 00:03:19]} {[%emt 00:00:12]} Ke4 {[%clk 00:05:04]}
{[%emt 00:00:23]} 49. Kf6 {[%clk 00:03:28]} {[%emt 00:00:22]} Kd4 {[%clk
00:05:13]} {[%emt 00:00:21]} 50. Ke6 {[%clk 00:03:44]} {[%emt 00:00:15]} Kc4
{[%clk 00:05:31]} {[%emt 00:00:11]} 51. Kd6 {[%clk 00:03:17]} {[%emt 00:00:57]}
Kb3 {[%clk 00:05:54]} {[%emt 00:00:07]} 0-1

[Event "Hoogeveen Open"]
[Site "Hoogeveen, Netherlands"]
[Date "2018.10.21"]
[Round "2.27"]
[White "Giacomini, Hector"]
[Black "Verhoef, Pieter"]
[Result "1-0"]
[WhiteElo "2178"]
[BlackElo "2058"]

1. Nf3 {[%clk 01:30:58]} {[%emt 00:00:01]} c5 {[%clk 01:30:54]} {[%emt
00:00:06]} 2. e3 {[%clk 01:31:15]} {[%emt 00:00:13]} d5 {[%clk 01:31:18]}
{[%emt 00:00:07]} 3. d4 {[%clk 01:31:31]} {[%emt 00:00:14]} Nf6 {[%clk
01:31:41]} {[%emt 00:00:06]} 4. c3 {[%clk 01:31:20]} {[%emt 00:00:41]} Qc7
{[%clk 01:32:04]} {[%emt 00:00:06]} 5. Nbd2 {[%clk 01:31:24]} {[%emt 00:00:27]}
Nbd7 {[%clk 01:32:08]} {[%emt 00:00:26]} 6. Bd3 {[%clk 01:30:17]} {[%emt
00:01:37]} g6 {[%clk 01:32:24]} {[%emt 00:00:15]} 7. O-O {[%clk 01:30:17]}
{[%emt 00:00:29]} Bg7 {[%clk 01:32:39]} {[%emt 00:00:15]} 8. Re1 {[%clk
01:30:00]} {[%emt 00:00:47]} O-O {[%clk 01:32:46]} {[%emt 00:00:23]} 9. e4
{[%clk 01:29:24]} {[%emt 00:01:06]} cxd4 {[%clk 01:32:18]} {[%emt 00:00:58]} 10.
cxd4 {[%clk 01:29:12]} {[%emt 00:00:42]} dxe4 {[%clk 01:32:37]} {[%emt
00:00:12]} 11. Nxe4 {[%clk 01:29:37]} {[%emt 00:00:04]} Nxe4 {[%clk 01:32:44]}
{[%emt 00:00:23]} 12. Bxe4 {[%clk 01:29:43]} {[%emt 00:00:24]} Nf6 {[%clk
01:27:08]} {[%emt 00:06:05]} 13. Bd3 {[%clk 01:29:45]} {[%emt 00:00:29]} b6
{[%clk 01:21:10]} {[%emt 00:06:29]} 14. Bg5 {[%clk 01:26:56]} {[%emt 00:03:18]}
Bb7 {[%clk 01:19:29]} {[%emt 00:02:11]} 15. Qe2 {[%clk 01:24:40]} {[%emt
00:02:46]} e6 {[%clk 01:13:17]} {[%emt 00:06:43]} 16. Ba6 {[%clk 01:15:28]}
{[%emt 00:09:42]} h6 {[%clk 01:07:06]} {[%emt 00:06:40]} 17. Rac1 {[%clk
01:08:47]} {[%emt 00:07:11]} Qe7 {[%clk 01:04:24]} {[%emt 00:03:12]} 18. Bh4
{[%clk 01:06:17]} {[%emt 00:03:00]} Rac8 {[%clk 01:03:49]} {[%emt 00:01:05]} 19.
a3 {[%clk 00:51:26]} {[%emt 00:15:21]} Rfd8 {[%clk 01:00:02]} {[%emt 00:04:16]}
20. Rxc8 {[%clk 00:48:29]} {[%emt 00:03:28]} Rxc8 {[%clk 01:00:25]} {[%emt
00:00:07]} 21. d5 {[%clk 00:40:13]} {[%emt 00:08:46]} g5 {[%clk 00:54:36]}
{[%emt 00:06:19]} 22. d6 {[%clk 00:40:17]} {[%emt 00:00:26]} Bxa6 {[%clk
00:53:20]} {[%emt 00:01:46]} 23. Qxa6 {[%clk 00:40:32]} {[%emt 00:00:15]} Qd8
{[%clk 00:53:30]} {[%emt 00:00:20]} 24. Bg3 {[%clk 00:40:38]} {[%emt 00:00:24]}
Rc5 {[%clk 00:34:28]} {[%emt 00:19:33]} 25. Qxa7 {[%clk 00:39:48]} {[%emt
00:01:20]} Nh5 {[%clk 00:26:30]} {[%emt 00:08:28]} 26. Ne5 {[%clk 00:30:00]}
{[%emt 00:10:18]} Bxe5 {[%clk 00:18:33]} {[%emt 00:08:27]} 27. Bxe5 {[%clk
00:30:24]} {[%emt 00:00:07]} Nf4 {[%clk 00:18:49]} {[%emt 00:00:14]} 28. Qe7
{[%clk 00:22:14]} {[%emt 00:08:40]} Qxe7 {[%clk 00:16:06]} {[%emt 00:03:13]} 29.
dxe7 {[%clk 00:22:40]} {[%emt 00:00:04]} Rc8 {[%clk 00:16:29]} {[%emt
00:00:07]} 30. Bxf4 {[%clk 00:09:10]} {[%emt 00:14:00]} gxf4 {[%clk 00:16:53]}
{[%emt 00:00:06]} 31. Rd1 {[%clk 00:09:32]} {[%emt 00:00:08]} Kg7 {[%clk
00:17:18]} {[%emt 00:00:05]} 32. Kf1 {[%clk 00:09:43]} {[%emt 00:00:19]} Kf6
{[%clk 00:16:36]} {[%emt 00:01:12]} 33. Rd7 {[%clk 00:10:05]} {[%emt 00:00:08]}
Re8 {[%clk 00:16:18]} {[%emt 00:00:47]} 34. Rb7 {[%clk 00:06:31]} {[%emt
00:04:05]} Rxe7 {[%clk 00:16:37]} {[%emt 00:00:11]} 35. Rxb6 {[%clk 00:06:58]}
{[%emt 00:00:03]} Rc7 {[%clk 00:16:33]} {[%emt 00:00:34]} 36. Rd6 {[%clk
00:04:01]} {[%emt 00:03:26]} Rc2 {[%clk 00:16:29]} {[%emt 00:00:34]} 37. b4
{[%clk 00:04:16]} {[%emt 00:00:16]} Ra2 {[%clk 00:16:35]} {[%emt 00:00:24]} 38.
Rd3 {[%clk 00:04:25]} {[%emt 00:00:20]} e5 {[%clk 00:16:52]} {[%emt 00:00:14]}
39. Rb3 {[%clk 00:04:17]} {[%emt 00:00:37]} e4 {[%clk 00:17:06]} {[%emt
00:00:17]} 40. b5 {[%clk 00:03:19]} {[%emt 00:01:28]} Ra1+ {[%clk 00:12:37]}
{[%emt 00:04:59]} 41. Ke2 {[%clk 00:03:43]} {[%emt 00:00:07]} Ra2+ {[%clk
00:13:01]} {[%emt 00:00:05]} 42. Ke1 {[%clk 00:04:04]} {[%emt 00:00:09]} Ra1+
{[%clk 00:13:03]} {[%emt 00:00:28]} 43. Kd2 {[%clk 00:04:25]} {[%emt 00:00:09]}
Ra2+ {[%clk 00:13:28]} {[%emt 00:00:05]} 44. Kc3 {[%clk 00:27:05]} {[%emt
00:07:50]} e3 {[%clk 00:43:11]} {[%emt 00:00:47]} 45. fxe3 {[%clk 00:27:18]}
{[%emt 00:00:17]} fxe3 {[%clk 00:43:35]} {[%emt 00:00:06]} 46. Kb4 {[%clk
00:26:17]} {[%emt 00:01:31]} e2 {[%clk 00:43:23]} {[%emt 00:00:42]} 47. Re3
{[%clk 00:26:17]} {[%emt 00:00:30]} Rb2+ {[%clk 00:43:07]} {[%emt 00:00:45]} 48.
Ka5 {[%clk 00:26:30]} {[%emt 00:00:18]} Rd2 {[%clk 00:42:58]} {[%emt 00:00:39]}
49. a4 {[%clk 00:22:23]} {[%emt 00:04:37]} Kf5 {[%clk 00:43:10]} {[%emt
00:00:18]} 50. Re7 {[%clk 00:18:41]} {[%emt 00:04:12]} h5 {[%clk 00:42:53]}
{[%emt 00:00:47]} 51. Kb4 {[%clk 00:14:57]} {[%emt 00:04:14]} Rd4+ {[%clk
00:41:50]} {[%emt 00:01:33]} 52. Kc3 {[%clk 00:14:57]} {[%emt 00:00:28]} Rxa4
{[%clk 00:41:49]} {[%emt 00:00:34]} 53. Rxe2 {[%clk 00:15:14]} {[%emt
00:00:12]} Kg4 {[%clk 00:39:17]} {[%emt 00:03:01]} 54. b6 {[%clk 00:14:12]}
{[%emt 00:01:32]} Ra8 {[%clk 00:39:32]} {[%emt 00:00:15]} 55. Kb4 {[%clk
00:14:03]} {[%emt 00:00:39]} f5 {[%clk 00:39:48]} {[%emt 00:00:14]} 56. Kb5
{[%clk 00:14:15]} {[%emt 00:00:18]} h4 {[%clk 00:39:21]} {[%emt 00:00:57]} 57.
Re3 {[%clk 00:12:02]} {[%emt 00:02:43]} f4 {[%clk 00:37:44]} {[%emt 00:02:07]}
58. Rb3 {[%clk 00:12:21]} {[%emt 00:00:11]} h3 {[%clk 00:37:25]} {[%emt
00:00:48]} 59. gxh3+ {[%clk 00:12:00]} {[%emt 00:00:52]} Kf5 {[%clk 00:37:42]}
{[%emt 00:00:13]} 60. b7 {[%clk 00:11:13]} {[%emt 00:01:17]} 1-0

[Event "Hoogeveen Open"]
[Site "Hoogeveen, Netherlands"]
[Date "2018.10.21"]
[Round "2.28"]
[White "Minko, Dmitry"]
[Black "Hulshof, Peter"]
[Result "1/2-1/2"]
[WhiteElo "2011"]
[BlackElo "2168"]

1. e4 {[%clk 01:30:57]} {[%emt 00:00:02]} g6 {[%clk 01:30:51]} {[%emt
00:00:09]} 2. d4 {[%clk 01:31:21]} {[%emt 00:00:06]} Bg7 {[%clk 01:31:16]}
{[%emt 00:00:04]} 3. Nc3 {[%clk 01:31:39]} {[%emt 00:00:12]} c6 {[%clk
01:31:27]} {[%emt 00:00:20]} 4. f4 {[%clk 01:31:12]} {[%emt 00:00:55]} d5
{[%clk 01:31:43]} {[%emt 00:00:15]} 5. e5 {[%clk 01:31:09]} {[%emt 00:00:34]}
Nh6 {[%clk 01:31:58]} {[%emt 00:00:15]} 6. Nf3 {[%clk 01:30:20]} {[%emt
00:01:19]} f6 {[%clk 01:27:11]} {[%emt 00:05:17]} 7. Be2 {[%clk 01:29:48]}
{[%emt 00:01:02]} O-O {[%clk 01:27:23]} {[%emt 00:00:17]} 8. Be3 {[%clk
01:29:31]} {[%emt 00:00:47]} Bg4 {[%clk 01:26:44]} {[%emt 00:01:10]} 9. Nh4
{[%clk 01:28:18]} {[%emt 00:01:42]} Bxe2 {[%clk 01:25:46]} {[%emt 00:01:29]} 10.
Qxe2 {[%clk 01:28:35]} {[%emt 00:00:12]} fxe5 {[%clk 01:24:32]} {[%emt
00:01:45]} 11. fxe5 {[%clk 01:26:59]} {[%emt 00:02:06]} e6 {[%clk 01:11:11]}
{[%emt 00:13:50]} 12. Nf3 {[%clk 01:07:14]} {[%emt 00:20:15]} Nf5 {[%clk
01:04:02]} {[%emt 00:07:40]} 13. O-O-O {[%clk 01:05:18]} {[%emt 00:02:25]} Nd7
{[%clk 00:58:17]} {[%emt 00:06:15]} 14. Kb1 {[%clk 00:50:00]} {[%emt 00:15:48]}
Nxe3 {[%clk 00:52:33]} {[%emt 00:06:15]} 15. Qxe3 {[%clk 00:50:18]} {[%emt
00:00:11]} Qe7 {[%clk 00:48:27]} {[%emt 00:04:36]} 1/2-1/2